000 00684nam a2200229 i 4500
001 181033
003 ES-MaACL
005 20231004125822.0
008 121005s2011 sp | |||||||| | spa d
020 _a978-84-937035-2-3
080 _a94(460)"19"
100 0 _aDiego, Enrique de.
_944541
245 1 0 _aHistoria clara de la España reciente /
_cEnrique de Diego.
250 _a1ª ed.
260 _a[Elche] :
_bRambla Media,
_c2011.
300 _a425 p. ;
_c24 cm.
651 4 _aEspaña-
_xHistoria-
_yS.XX.
_9138832
852 _aES-MaACL
_jOlim: N-5252
_9187916
_bR.147170
_cDEPO1
942 _2udc
_cMONOGRAFIA
999 _c181033
_d181033